000 00657cam a2200241 4500
001 J110643
008 000000n2000 000 0 eng u
035 _a(Sirsi) u110643
050 _a333.337
110 _aFPDSavills
_93625
245 _aInternet shopping report 2 - Spring 2000
260 _aLondon
_bFPD Savills
_c2000
300 _a1 folded sheet. ; 30cm.
520 _aImpact on the industrial warehousing market.
650 _aWAREHOUSES
650 _aE-COMMERCE
650 _aDISTRIBUTION CENTRES
650 _aINTERNET
650 _aRETAIL
650 _aINDUSTRIAL PROPERTY
690 _aPROPERTY-COMMERCIAL PROPERTY
942 _n0
999 _c101121
_d101121